Thorn of love/ (Record no. 9320)

MARC details
000 -LEADER
fixed length control field 00486nam a22001817a 4500
003 - CONTROL NUMBER IDENTIFIER
control field OSt
005 - DATE AND TIME OF LATEST TRANSACTION
control field 20260407064955.0
008 - FIXED-LENGTH DATA ELEMENTS--GENERAL INFORMATION
fixed length control field 260407b |||||||| |||| 00| 0 eng d
020 ## - INTERNATIONAL STANDARD BOOK NUMBER
International Standard Book Number 0-8439-2194-3
040 ## - CATALOGING SOURCE
Original cataloging agency DWC-Main lib.
Transcribing agency OC
082 ## - DEWEY DECIMAL CLASSIFICATION NUMBER
Classification number Fic. H361 1985
100 ## - MAIN ENTRY--PERSONAL NAME
Personal name Hatcher, Robin Lee
245 ## - TITLE STATEMENT
Title Thorn of love/
Statement of responsibility, etc. Robin Lee Hatcher
260 ## - PUBLICATION, DISTRIBUTION, ETC.
Place of publication, distribution, etc. New York :
Name of publisher, distributor, etc. Leisure Books,
Date of publication, distribution, etc. c1985.
300 ## - PHYSICAL DESCRIPTION
Extent 475 p. ;
Dimensions 17 cm.
650 ## - SUBJECT ADDED ENTRY--TOPICAL TERM
Topical term or geographic name entry element 1. Fiction.
942 ## - ADDED ENTRY ELEMENTS (KOHA)
Source of classification or shelving scheme Dewey Decimal Classification
Koha item type Fiction
Classification part Fic.
Suppress in OPAC No
952 ## - LOCATION AND ITEM INFORMATION (KOHA)
--
Holdings
Withdrawn status Lost status Source of classification or shelving scheme Damaged status Not for loan Home library Current library Shelving location Date acquired Source of acquisition Total Checkouts Full call number Barcode Date last seen Copy number Price effective from Koha item type Uniform Resource Identifier
    Dewey Decimal Classification     College Library College Library Fiction 01/29/2007 Donation   Fic. H361 1985 CL44185 04/07/2026 c1 04/07/2026 FIC.